[Event "2015 British Chess Championships: Championship"]
[Site "University of Warwick, Coventry, Warwickshire"]
[Date "2015.07.31"]
[Round "5"]
[Board "12"]
[White "Kalaiyalahan, Akshaya"]
[Black "Storey, Charles H"]
[Result "1-0"]
[WhiteElo "1999"]
[BlackElo "2245"]
[PlyCount "69"]
[EventDate "2015.07.27"]
[EventRounds "11"]
[EventCountry "ENG"]

1. Nf3 c5 2. g3 d5 3. Bg2 Nc6 4. d4 cxd4 5. Nxd4 e6 6. O-O Bc5 7. Nxc6 bxc6 8.
c4 Nf6 9. Qc2 Be7 10. Rd1 Bd7 11. Nc3 Rc8 12. e4 Qa5 13. Qe2 Bb4 14. exd5 Bxc3
15. bxc3 cxd5 16. cxd5 Bb5 17. Qe1 Ba4 18. Rd4 O-O 19. Ba3 Rfe8 20. Bb4 Qa6 21.
d6 Bc6 22. Bxc6 Qxc6 23. Qd2 Red8 24. Rd1 Rd7 25. c4 e5 26. Rd3 Ne4 27. Qe3
Qxc4 28. Ba3 Qa4 29. Re1 Nf6 30. Qxe5 h5 31. Qg5 Rc2 32. Rf3 Ne4 33. Qf5 Nf6
34. Rb3 Rd8 35. Qxc2 1-0

[Event "2015 British Chess Championships: Championship"]
[Site "University of Warwick, Coventry, Warwickshire"]
[Date "2015.07.31"]
[Round "5"]
[Board "13"]
[White "Willmoth, Robert F"]
[Black "Mason, Donald J"]
[Result "0-1"]
[WhiteElo "2173"]
[BlackElo "2145"]
[PlyCount "130"]
[EventDate "2015.07.27"]
[EventRounds "11"]
[EventCountry "ENG"]

1. Nf3 d5 2. g3 g6 3. Bg2 Bg7 4. d4 c6 5. O-O Nh6 6. c4 Nf5 7. Na3 dxc4 8. e3
Nd6 9. Ne5 O-O 10. Naxc4 Be6 11. Nxd6 exd6 12. Nd3 Bc4 13. Qc2 d5 14. Rd1 Bxd3
15. Qxd3 Nd7 16. Bd2 a5 17. Bc3 Re8 18. Rac1 f5 19. b3 Bf8 20. Qd2 b5 21. Qb2
Nf6 22. Bd2 Qd7 23. Qc3 Ra6 24. Rc2 h5 25. Qd3 a4 26. Rdc1 a3 27. Be1 Re6 28.
b4 Ne4 29. Qb3 Kg7 30. h4 Bd6 31. Qd3 Qe8 32. Rb1 Qe7 33. Bh3 Bb8 34. Rb3 Qe8
35. Re2 Nd6 36. Rxa3 Rxa3 37. Qxa3 Nc4 38. Qb3 Ba7 39. Qd3 Bb8 40. Bc3 Re7 41.
Bf1 Bd6 42. Be1 Ra7 43. Qb1 Qe7 44. Qc1 Bxb4 45. Bxb4 Qxb4 46. Rc2 Qa3 47. Qe1
Ra4 48. Qd1 Rb4 49. Qd3 Qxd3 50. Bxd3 Ra4 51. Kf1 Ra3 52. Ke2 Kf6 53. Bxc4 dxc4
54. Kf3 Ke6 55. Kf4 Kd5 56. f3 c3 57. g4 hxg4 58. fxg4 Kc4 59. gxf5 gxf5 60.
Kxf5 Kd3 61. Rh2 c2 62. Rxc2 Kxc2 63. e4 Rxa2 64. e5 b4 65. e6 b3 0-1

[Event "2015 British Chess Championships: Championship"]
[Site "University of Warwick, Coventry, Warwickshire"]
[Date "2015.07.31"]
[Round "5"]
[Board "14"]
[White "Burke, Mitchell R"]
[Black "Hill, Alistair"]
[Result "0-1"]
[WhiteElo "1966"]
[BlackElo "2159"]
[PlyCount "56"]
[EventDate "2015.07.27"]
[EventRounds "11"]
[EventCountry "ENG"]

1. e4 c5 2. Nc3 Nc6 3. f4 g6 4. Nf3 Bg7 5. Bb5 Nd4 6. O-O a6 7. Bd3 d6 8. Nxd4
cxd4 9. Ne2 Nf6 10. Kh1 e5 11. c3 O-O 12. cxd4 exd4 13. Nxd4 Re8 14. f5 d5 15.
e5 Rxe5 16. b3 Ne4 17. fxg6 hxg6 18. Rb1 Ng3+ 19. hxg3 Rh5+ 20. Qxh5 gxh5 21.
Nf5 Bxf5 22. Rxf5 h4 23. Rh5 Qd6 24. Rxh4 Kf8 25. Ra4 Qxg3 26. Ba3+ Kg8 27. Be2
Qf2 28. Rg4 Qxe2 0-1

[Event "2015 British Chess Championships: Championship"]
[Site "University of Warwick, Coventry, Warwickshire"]
[Date "2015.07.31"]
[Round "5"]
[Board "15"]
[White "Burrows, Martin P"]
[Black "Golding, Alex"]
[Result "0-1"]
[WhiteElo "2148"]
[BlackElo "1963"]
[PlyCount "80"]
[EventDate "2015.07.27"]
[EventRounds "11"]
[EventCountry "ENG"]

1. e4 e5 2. Nf3 Nc6 3. Bb5 a6 4. Ba4 Nf6 5. O-O b5 6. Bb3 Bc5 7. c3 d6 8. a4
Bb7 9. d3 h6 10. Na3 O-O 11. Bd2 Ne7 12. axb5 axb5 13. Nxb5 Rxa1 14. Qxa1 Ng6
15. Na3 d5 16. exd5 Nxd5 17. d4 Ndf4 18. Bxf4 Nxf4 19. Qd1 e4 20. Ne5 Bxa3 21.
bxa3 h5 22. Nc4 Qg5 23. Ne3 Ra8 24. a4 Ra6 25. Kh1 Rf6 26. Bc4 Bc8 27. Rg1 Rg6
28. Qb3 Be6 29. Bxe6 Rxe6 30. Qb8+ Kh7 31. Qxc7 Nd3 32. Nd1 f5 33. Qg3 Qd8 34.
f4 Qa5 35. Ne3 g5 36. fxg5 f4 37. Qh4 Qxg5 38. g3 Qxh4 39. gxh4 fxe3 40. d5 Rg6
 0-1

[Event "2015 British Chess Championships: Championship"]
[Site "University of Warwick, Coventry, Warwickshire"]
[Date "2015.07.31"]
[Round "5"]
[Board "16"]
[White "Hegarty, Sarah N"]
[Black "Lewis, Andrew P"]
[Result "0-1"]
[WhiteElo "2075"]
[BlackElo "2295"]
[PlyCount "116"]
[EventDate "2015.07.27"]
[EventRounds "11"]
[EventCountry "ENG"]

1. e4 c5 2. Nf3 Nc6 3. d4 cxd4 4. Nxd4 Nf6 5. Nc3 d6 6. Bc4 e6 7. Nb3 Be7 8.
Bf4 a6 9. a4 b6 10. f3 Qc7 11. Qd2 Ne5 12. Be2 Bb7 13. O-O O-O 14. Rad1 Rfd8
15. Qe3 Rab8 16. Kh1 h6 17. Bg3 Ned7 18. f4 Nc5 19. Nxc5 Qxc5 20. Qxc5 bxc5 21.
Bf3 Ne8 22. b3 Ba8 23. Be2 Nc7 24. Rfe1 Bf6 25. e5 dxe5 26. fxe5 Bg5 27. Bd3 a5
28. Ne4 Be7 29. Nd6 Nd5 30. Nc4 h5 31. Rf1 h4 32. Be1 h3 33. Kg1 hxg2 34. Rf2
Bh4 35. Rxg2 Bxe1 36. Rxe1 Nf4 37. Rd2 Nxd3 38. Rxd3 Rxd3 39. cxd3 Rxb3 40.
Nxa5 Rxd3 41. Rc1 Bd5 42. Rxc5 Ra3 43. Nc6 Bxc6 44. Rxc6 Rxa4 45. Rc5 Ra2 46.
h3 Rd2 47. Rc4 Re2 48. Rc5 Kh7 49. Kf1 Re3 50. Kg2 g5 51. Rb5 Kg6 52. Ra5 Re4
53. Kg3 Rf4 54. Ra7 Rf5 55. h4 gxh4+ 56. Kxh4 Rxe5 57. Kg3 Re4 58. Kf3 Rc4 0-1

[Event "2015 British Chess Championships: Championship"]
[Site "University of Warwick, Coventry, Warwickshire"]
[Date "2015.07.31"]
[Round "5"]
[Board "17"]
[White "Hackner, Oskar A"]
[Black "Taylor, Adam A"]
[Result "0-1"]
[WhiteElo "2162"]
[BlackElo "2055"]
[PlyCount "72"]
[EventDate "2015.07.27"]
[EventRounds "11"]
[EventCountry "ENG"]

1. d4 Nf6 2. c4 e6 3. Nc3 Bb4 4. f3 d5 5. a3 Bxc3+ 6. bxc3 c5 7. cxd5 Nxd5 8.
dxc5 Qa5 9. e4 Nf6 10. Be3 Nfd7 11. Qb3 O-O 12. Nh3 Qc7 13. Qc4 Nc6 14. Nf2 Na5
15. Qb4 Nc6 16. Qa4 Na5 17. Nd3 b6 18. Rb1 Ba6 19. cxb6 axb6 20. Kf2 Nc4 21.
Qb4 Nxa3 22. Rc1 Nc4 23. Be2 Nxe3 24. Kxe3 f5 25. Rhd1 Qxh2 26. Nf4 fxe4 27.
Qxe4 Nc5 28. Qd4 Bxe2 29. Nxe2 Nb3 30. Qe4 Nxc1 31. Nxc1 Qxg2 32. Ne2 Ra5 33.
Rg1 Rxf3+ 34. Kd4 Ra4+ 35. c4 Qf2+ 36. Ke5 Qc5+ 0-1

[Event "2015 British Chess Championships: Championship"]
[Site "University of Warwick, Coventry, Warwickshire"]
[Date "2015.07.31"]
[Round "5"]
[Board "18"]
[White "Okhai, Shabir"]
[Black "Beckett, Chris J"]
[Result "0-1"]
[WhiteElo "1994"]
[BlackElo "2160"]
[PlyCount "52"]
[EventDate "2015.07.27"]
[EventRounds "11"]
[EventCountry "ENG"]

1. e4 e6 2. d4 d5 3. Nc3 Nc6 4. e5 f6 5. exf6 Nxf6 6. Nf3 a6 7. Bg5 Bd6 8. Bd3
O-O 9. O-O Qe8 10. Ne2 e5 11. dxe5 Nxe5 12. Ng3 Nxf3+ 13. Qxf3 Ne4 14. Bxe4
Rxf3 15. Bxf3 Qe5 16. Bd2 c6 17. Bc3 Qf4 18. Bxg7 Qh4 19. Bc3 Bg4 20. Bxg4 Qxg4
21. Rae1 Bb4 22. Re3 Bxc3 23. Rxc3 d4 24. Rf3 Rf8 25. Nf5 Kh8 26. Nxd4 Rg8 0-1

[Event "2015 British Chess Championships: Championship"]
[Site "University of Warwick, Coventry, Warwickshire"]
[Date "2015.07.31"]
[Round "5"]
[Board "19"]
[White "Wadsworth, Matthew J"]
[Black "Paterson, Andrew I"]
[Result "1-0"]
[WhiteElo "2160"]
[BlackElo "2039"]
[PlyCount "51"]
[EventDate "2015.07.27"]
[EventRounds "11"]
[EventCountry "ENG"]

1. c4 Nf6 2. g3 g6 3. Bg2 Bg7 4. Nc3 O-O 5. e4 d6 6. Nge2 c6 7. O-O e5 8. d3
Be6 9. h3 Na6 10. Be3 d5 11. exd5 cxd5 12. d4 dxc4 13. dxe5 Nd7 14. f4 Nac5 15.
g4 f5 16. Nd4 Qe7 17. Nxe6 Nxe6 18. Qd5 fxg4 19. hxg4 Nb6 20. Bxb6 axb6 21. f5
gxf5 22. gxf5 Qc5+ 23. Kh1 Qe3 24. Qxe6+ Kh8 25. f6 Qh6+ 26. Qh3 1-0

[Event "2015 British Chess Championships: Championship"]
[Site "University of Warwick, Coventry, Warwickshire"]
[Date "2015.07.31"]
[Round "5"]
[Board "20"]
[White "Fryer, David W"]
[Black "Waters, Clive L"]
[Result "1/2-1/2"]
[WhiteElo "1951"]
[BlackElo "2147"]
[PlyCount "86"]
[EventDate "2015.07.27"]
[EventRounds "11"]
[EventCountry "ENG"]

1. e4 e5 2. Bc4 Nf6 3. d3 Nc6 4. Nc3 Bc5 5. f4 d6 6. Nf3 Bg4 7. Na4 O-O 8. Nxc5
dxc5 9. f5 Na5 10. Qe2 Nxc4 11. dxc4 Qd6 12. Bg5 Qc6 13. Bxf6 Qxf6 14. O-O-O
Rad8 15. h3 Bxf3 16. gxf3 Rxd1+ 17. Rxd1 Rd8 18. Rxd8+ Qxd8 19. c3 Kf8 20. Kc2
Qd6 21. a3 Ke7 22. Qe3 b6 23. Qf2 Qh6 24. Qg3 Kf6 25. Qg2 Qe3 26. Qf1 Kg5 27.
Qg2+ Kh6 28. Qg3 Qf4 29. Qg2 a5 30. a4 g6 31. fxg6 hxg6 32. Qf1 Qh2+ 33. Kb3
Qd2 34. Qg1 Qe2 35. Qg3 Qd1+ 36. Ka3 b5 37. cxb5 c4 38. Ka2 Qxa4+ 39. Kb1 Qxb5
40. Qh4+ Kg7 41. Qe7 a4 42. h4 a3 43. Qxa3 Qd7 1/2-1/2

[Event "2015 British Chess Championships: Championship"]
[Site "University of Warwick, Coventry, Warwickshire"]
[Date "2015.07.31"]
[Round "5"]
[Board "21"]
[White "Willson, Ollie"]
[Black "Villiers, Thomas"]
[Result "1/2-1/2"]
[WhiteElo "1909"]
[BlackElo "2097"]
[PlyCount "94"]
[EventDate "2015.07.27"]
[EventRounds "11"]
[EventCountry "ENG"]

1. d4 Nf6 2. Nf3 c5 3. c4 cxd4 4. Nxd4 Nc6 5. Nc3 e6 6. e4 Bb4 7. Nc2 Bxc3+ 8.
bxc3 Nxe4 9. Qg4 f5 10. Qxg7 Qf6 11. Qxf6 Nxf6 12. Nd4 Kf7 13. Nb5 Ne4 14. Be2
Rg8 15. Bf3 Nc5 16. Ba3 b6 17. Rd1 a6 18. Nd6+ Ke7 19. O-O Rb8 20. Rfe1 Kf6 21.
Nxc8 Rbxc8 22. Bxc5 bxc5 23. Bxc6 Rxc6 24. Rxd7 Rg4 25. Rxh7 Rxc4 26. Rh6+ Kf7
27. Rb1 Kg7 28. Rh3 Ra4 29. Rb2 Rd6 30. Kf1 Rd1+ 31. Ke2 Ra1 32. Rd3 R1xa2 33.
Rdd2 Re4+ 34. Kd3 Ra3 35. Kc2 Kf6 36. Rb3 Ra2+ 37. Rb2 Ra1 38. Kb3 a5 39. Ra2
a4+ 40. Ka3 Rg1 41. f3 Rc4 42. Kb2 Re1 43. Kc2 Ke5 44. g3 Re3 45. Rd3 Re2+ 46.
Rd2 Re3 47. Rd3 Re2+ 1/2-1/2

[Event "2015 British Chess Championships: Championship"]
[Site "University of Warwick, Coventry, Warwickshire"]
[Date "2015.07.31"]
[Round "5"]
[Board "22"]
[White "Asenov, Pavel"]
[Black "Edge, John"]
[Result "1-0"]
[WhiteElo "2081"]
[BlackElo "2080"]
[PlyCount "75"]
[EventDate "2015.07.27"]
[EventRounds "11"]
[EventCountry "ENG"]

1. d4 Nf6 2. c4 c5 3. d5 b5 4. cxb5 a6 5. f3 axb5 6. e4 Qa5+ 7. Bd2 b4 8. Na3
Ba6 9. Nc4 Qd8 10. a3 e6 11. Bf4 Nh5 12. Be3 Bxc4 13. Bxc4 bxa3 14. Rxa3 Rxa3
15. bxa3 Qa5+ 16. Kf2 Qxa3 17. Ne2 Be7 18. e5 exd5 19. Qxd5 O-O 20. Rb1 Nc6 21.
Bc1 Qa7 22. g4 Nb4 23. Qe4 d5 24. Bxd5 Nxd5 25. Qxd5 Rd8 26. Qe4 Bh4+ 27. Kg2
c4 28. Be3 Qa2 29. Bc1 f5 30. gxf5 Be7 31. Rb2 Qa4 32. Qg4 Qd1 33. Qxc4+ Kh8
34. Qg4 g6 35. fxg6 Rg8 36. Qxh5 Rxg6+ 37. Kf2 Bc5+ 38. Be3 1-0

[Event "2015 British Chess Championships: Championship"]
[Site "University of Warwick, Coventry, Warwickshire"]
[Date "2015.07.31"]
[Round "5"]
[Board "23"]
[White "Jarmany, John"]
[Black "Coleman, David J"]
[Result "1/2-1/2"]
[WhiteElo "2036"]
[BlackElo "2231"]
[PlyCount "116"]
[EventDate "2015.07.27"]
[EventRounds "11"]
[EventCountry "ENG"]

1. d4 Nf6 2. Bf4 g6 3. e3 Bg7 4. h3 O-O 5. Nf3 d6 6. c4 c5 7. Nc3 Nc6 8. Be2
Qa5 9. O-O cxd4 10. exd4 e5 11. Be3 Bf5 12. a3 Ne4 13. Rc1 Nxc3 14. Rxc3 Be4
15. Rb3 Qa4 16. d5 Nd4 17. Bxd4 exd4 18. Rxb7 Bc2 19. Qd2 Rfb8 20. Rb4 Rxb4 21.
axb4 d3 22. Bxd3 Bxd3 23. Qxd3 Qxb4 24. b3 a5 25. Qc2 Rb8 26. Nd2 Bh6 27. f4
Qc5+ 28. Kh1 Qe3 29. Rf3 Qd4 30. Qd3 Qxd3 31. Rxd3 Bxf4 32. Ne4 Be5 33. Kg1 Rb4
34. Nd2 Kf8 35. g3 Bg7 36. Kf2 Ke7 37. Ke2 Bh6 38. Nf3 Bg7 39. Nd2 Be5 40. Re3
Kd7 41. c5 Rd4 42. c6+ Kc7 43. Rd3 Rxd3 44. Kxd3 Bxg3 45. Ne4 Bh4 46. Kc4 f5
47. Nc3 Bg3 48. Nb5+ Kb6 49. Nd4 h6 50. Kd3 Be5 51. Ne6 g5 52. Ke3 Bf6 53. Kf3
Be5 54. Nf8 Bg7 55. Ng6 Bf6 56. Nf8 Bg7 57. Ng6 Bf6 58. Nf8 Bg7 1/2-1/2

[Event "2015 British Chess Championships: Championship"]
[Site "University of Warwick, Coventry, Warwickshire"]
[Date "2015.07.31"]
[Round "5"]
[Board "24"]
[White "Myall, Ivan J"]
[Black "Graham, David B"]
[Result "1/2-1/2"]
[WhiteElo "2048"]
[BlackElo "2162"]
[PlyCount "124"]
[EventDate "2015.07.27"]
[EventRounds "11"]
[EventCountry "ENG"]

1. e4 e6 2. d4 d5 3. e5 c5 4. c3 Nc6 5. Nf3 Qb6 6. a3 f6 7. Bd3 fxe5 8. dxe5 c4
9. Bc2 Bc5 10. O-O Nh6 11. Bxh6 gxh6 12. b4 cxb3 13. Bxb3 Bd7 14. Nbd2 O-O-O
15. c4 Ne7 16. Ba4 Qa6 17. Bb5 Bxb5 18. cxb5 Qxb5 19. Rb1 Qa6 20. Rc1 b6 21.
Nb3 Kb8 22. Nxc5 bxc5 23. Rxc5 Rc8 24. Qb3+ Ka8 25. Qc3 Qb6 26. Rxc8+ Rxc8 27.
Qd3 Nf5 28. h3 h5 29. Rb1 Qc5 30. Qb3 Qc7 31. a4 h6 32. a5 Rb8 33. Qxb8+ Qxb8
34. Rxb8+ Kxb8 35. g4 hxg4 36. hxg4 Ne7 37. Nd4 Ng6 38. Kg2 Nxe5 39. Kg3 Kb7
40. Nxe6 Nc6 41. f4 Kc8 42. a6 Kd7 43. Ng7 Nb4 44. Nf5 Nxa6 45. Nxh6 Nc5 46.
Kf3 a5 47. Nf5 a4 48. Nd4 a3 49. Nc2 a2 50. Na1 d4 51. f5 Kd6 52. g5 Ke5 53. g6
Ne4 54. g7 Nf6 55. Ke2 Kxf5 56. Kd3 Ke5 57. Nc2 Ng8 58. Na1 Kd5 59. Nb3 Ne7 60.
Na1 Kc5 61. Nc2 Ng8 62. Na1 Nf6 1/2-1/2

[Event "2015 British Chess Championships: Championship"]
[Site "University of Warwick, Coventry, Warwickshire"]
[Date "2015.07.31"]
[Round "5"]
[Board "25"]
[White "Shaw, Peter"]
[Black "Slade, Theodore"]
[Result "1/2-1/2"]
[WhiteElo "2146"]
[BlackElo "1962"]
[PlyCount "111"]
[EventDate "2015.07.27"]
[EventRounds "11"]
[EventCountry "ENG"]

1. d4 Nf6 2. c4 e6 3. Nf3 b6 4. Bf4 Bb7 5. e3 Be7 6. h3 c5 7. dxc5 Bxc5 8. Nc3
d5 9. cxd5 Nxd5 10. Bb5+ Ke7 11. Nxd5+ Qxd5 12. O-O Qxd1 13. Rfxd1 a6 14. Be2
f6 15. a3 e5 16. b4 Bd6 17. Bg3 Rd8 18. Nd2 Nd7 19. Rac1 b5 20. Nb3 Rac8 21.
Na5 Ba8 22. Bf3 Bxf3 23. gxf3 Rxc1 24. Rxc1 Nb8 25. Nb7 Rd7 26. Nxd6 Kxd6 27.
f4 Nc6 28. fxe5+ Nxe5 29. Kg2 Ke6 30. Bxe5 Kxe5 31. Rc6 Ra7 32. Kf3 Kd5 33.
Rc5+ Kd6 34. Kf4 g6 35. e4 Re7 36. f3 Re8 37. h4 Re7 38. h5 Re8 39. h6 Rf8 40.
Kg4 Re8 41. Kf4 Re5 42. Rc8 Rh5 43. Ra8 Rxh6 44. Rxa6+ Ke7 45. Rb6 Rh5 46. Ke3
h6 47. Kd4 Rg5 48. f4 Rg3 49. Rxb5 Rxa3 50. Rb7+ Kd6 51. Rb6+ Ke7 52. b5 h5 53.
Rb7+ Kd6 54. Rb6+ Ke7 55. Rb7+ Kd6 56. Rb6+ 1/2-1/2

[Event "2015 British Chess Championships: Championship"]
[Site "University of Warwick, Coventry, Warwickshire"]
[Date "2015.07.31"]
[Round "5"]
[Board "26"]
[White "Gower, Sam"]
[Black "Peacock, Malcolm R"]
[Result "1-0"]
[WhiteElo "1915"]
[BlackElo "2123"]
[PlyCount "78"]
[EventDate "2015.07.27"]
[EventRounds "11"]
[EventCountry "ENG"]

1. e4 e6 2. d4 d5 3. Nc3 Bb4 4. exd5 exd5 5. Bd3 Nc6 6. a3 Bxc3+ 7. bxc3 Nge7
8. Qf3 Be6 9. Ne2 Qd7 10. Ng3 O-O-O 11. h3 Rde8 12. O-O f6 13. Re1 Kb8 14. Rb1
Ka8 15. Bd2 Nc8 16. Re2 Nd6 17. Rbe1 Na5 18. Nh5 Nac4 19. Bc1 c6 20. Nxg7 Qxg7
21. Rxe6 b5 22. Rxe8+ Rxe8 23. Rxe8+ Nxe8 24. Qf5 Ncd6 25. Qxh7 Qxh7 26. Bxh7
f5 27. g4 Nf6 28. Bxf5 Nxf5 29. gxf5 Kb7 30. Kg2 Kc8 31. f3 Kd7 32. Kg3 Ke8 33.
Kf4 Nd7 34. h4 Kf7 35. Kg5 a5 36. h5 c5 37. dxc5 Nxc5 38. Be3 Nd7 39. Bd4 Nf8
 1-0

[Event "2015 British Chess Championships: Championship"]
[Site "University of Warwick, Coventry, Warwickshire"]
[Date "2015.07.31"]
[Round "5"]
[Board "27"]
[White "Pleasants, Allan J"]
[Black "Evans, Nicholas Thomas"]
[Result "1/2-1/2"]
[WhiteElo "2120"]
[BlackElo "1923"]
[PlyCount "68"]
[EventDate "2015.07.27"]
[EventRounds "11"]
[EventCountry "ENG"]

1. e4 e5 2. Nf3 Nc6 3. Bb5 a6 4. Ba4 Nf6 5. O-O Be7 6. d3 b5 7. Bb3 d6 8. c3
O-O 9. Re1 Na5 10. Bc2 c5 11. Nbd2 Qc7 12. Nf1 Bd7 13. Bg5 Rac8 14. Ne3 Be6 15.
b3 Nc6 16. Rc1 b4 17. d4 cxd4 18. cxd4 Nxd4 19. Nxd4 exd4 20. Nf5 Bxf5 21. exf5
h6 22. Bd3 Qa7 23. Bxf6 Bxf6 24. Rc4 Rxc4 25. Bxc4 a5 26. Qf3 Qc5 27. g3 Rd8
28. Qd3 d5 29. Ba6 Qc3 30. Re2 Rc8 31. Kg2 Qxd3 32. Bxd3 Rc3 33. Rd2 Kf8 34. h4
Ke7 1/2-1/2

[Event "2015 British Chess Championships: Championship"]
[Site "University of Warwick, Coventry, Warwickshire"]
[Date "2015.07.31"]
[Round "5"]
[Board "28"]
[White "Jones, William E G"]
[Black "Ashworth, Michael"]
[Result "1/2-1/2"]
[WhiteElo "2115"]
[BlackElo "1912"]
[PlyCount "97"]
[EventDate "2015.07.27"]
[EventRounds "11"]
[EventCountry "ENG"]

1. e4 e6 2. d4 d5 3. Nc3 Nf6 4. e5 Nfd7 5. f4 c5 6. Nf3 Nc6 7. Be3 a6 8. Qd2 b5
9. dxc5 Bxc5 10. Bxc5 Nxc5 11. Qf2 Qb6 12. Bd3 b4 13. Ne2 a5 14. O-O Ba6 15.
Rfd1 Na4 16. Qxb6 Nxb6 17. Bxa6 Rxa6 18. a3 Ke7 19. axb4 Nxb4 20. Ned4 Rc8 21.
c3 Nc6 22. b3 a4 23. Ra3 Nb8 24. b4 Nc4 25. Ra2 a3 26. Rda1 Nd7 27. Nb5 Ra4 28.
Kf2 f6 29. Re1 fxe5 30. fxe5 Nb2 31. Kg3 Nd3 32. Re3 Nc1 33. Rxa3 Rxa3 34. Nxa3
Rxc3 35. Rxc3 Ne2+ 36. Kf2 Nxc3 37. Ke3 Ne4 38. Nb5 Nb6 39. Kd4 Kd7 40. Nc3
Nxc3 41. Kxc3 h6 42. Kd4 Kc6 43. Ne1 Nd7 44. Nd3 g5 45. g4 Kb5 46. Kc3 Kc6 47.
Kd4 Kb5 48. Kc3 Kc6 49. Kd4 1/2-1/2

[Event "2015 British Chess Championships: Championship"]
[Site "University of Warwick, Coventry, Warwickshire"]
[Date "2015.07.31"]
[Round "5"]
[Board "29"]
[White "Ilett, Raymond J"]
[Black "Zhang, Anthony Y"]
[Result "0-1"]
[WhiteElo "1886"]
[BlackElo "2109"]
[PlyCount "74"]
[EventDate "2015.07.27"]
[EventRounds "11"]
[EventCountry "ENG"]

1. d4 d5 2. c4 c6 3. Nf3 Nf6 4. e3 Bf5 5. Nc3 e6 6. Nh4 Bg6 7. Qb3 Qc7 8. Nxg6
hxg6 9. h3 Nbd7 10. cxd5 exd5 11. Bd2 Be7 12. Rc1 Nb6 13. Bd3 Qd7 14. a4 g5 15.
a5 Nc8 16. Bf5 Qxf5 17. Qxb7 O-O 18. Qxa8 Qd7 19. Na4 c5 20. Nxc5 Bxc5 21. Rxc5
Ne7 22. Qxf8+ Kxf8 23. f3 Qd6 24. O-O Kg8 25. Rfc1 Nf5 26. Rc7 Nh4 27. Be1 Qa6
28. Kf2 Nf5 29. b4 Qe6 30. Bd2 Qd6 31. Be1 Qh2 32. Bd2 Qg3+ 33. Ke2 Qxg2+ 34.
Kd3 Qxf3 35. Rxa7 Ne4 36. Rcc7 Qd1 37. Rc2 Qf1# 0-1

[Event "2015 British Chess Championships: Championship"]
[Site "University of Warwick, Coventry, Warwickshire"]
[Date "2015.07.31"]
[Round "5"]
[Board "30"]
[White "Burnett, Jim"]
[Black "Eagleton, Greg T"]
[Result "1/2-1/2"]
[WhiteElo "2091"]
[BlackElo "1994"]
[PlyCount "103"]
[EventDate "2015.07.27"]
[EventRounds "11"]
[EventCountry "ENG"]

1. d4 Nf6 2. c4 g6 3. Nc3 Bg7 4. Nf3 O-O 5. g3 d6 6. Bg2 Nc6 7. O-O Rb8 8. Bf4
Nh5 9. Be3 a6 10. Qd2 e5 11. dxe5 Nxe5 12. Nxe5 Bxe5 13. Rac1 Be6 14. Nd5 f5
15. f4 Bg7 16. Ba7 Ra8 17. Bf2 Rb8 18. b3 Nf6 19. Nxf6+ Bxf6 20. Rfd1 Qe7 21.
c5 Rfd8 22. c6 b6 23. Re1 d5 24. Bd4 a5 25. e3 Rd6 26. Qb2 Bf7 27. a3 Re8 28.
Kf2 Qe6 29. b4 axb4 30. axb4 Kg7 31. b5 Bxd4 32. Qxd4+ Qf6 33. Ra1 Qxd4 34.
exd4 Rxe1 35. Rxe1 Kf6 36. Ra1 Rd8 37. Ra7 Rc8 38. Bf3 Be6 39. h3 h5 40. Ke3
Kf7 41. Be2 Kf6 42. Kf2 Ke7 43. g4 hxg4 44. hxg4 Kf6 45. Kg3 Bf7 46. Bd1 Be8
47. Bf3 Bf7 48. Ra2 Re8 49. gxf5 gxf5 50. Kf2 Rh8 51. Ra7 Rc8 52. Ra1 1/2-1/2

[Event "2015 British Chess Championships: Championship"]
[Site "University of Warwick, Coventry, Warwickshire"]
[Date "2015.07.31"]
[Round "5"]
[Board "31"]
[White "Rice, Chris B"]
[Black "Chevannes, Sabrina L"]
[Result "0-1"]
[WhiteElo "2015"]
[BlackElo "2228"]
[PlyCount "32"]
[EventDate "2015.07.27"]
[EventRounds "11"]
[EventCountry "ENG"]

1. e4 c6 2. d4 d5 3. exd5 cxd5 4. Bd3 Nc6 5. c3 Qc7 6. Ne2 e5 7. dxe5 Nxe5 8.
Bb5+ Bd7 9. Qxd5 O-O-O 10. Bf4 Bd6 11. Bxe5 Bxe5 12. Bxd7+ Rxd7 13. Qf3 Qd6 14.
Ng3 Bxg3 15. hxg3 Re7+ 16. Kf1 Qa6+ 0-1

[Event "2015 British Chess Championships: Championship"]
[Site "University of Warwick, Coventry, Warwickshire"]
[Date "2015.07.31"]
[Round "5"]
[Board "33"]
[White "Zhu, Richard"]
[Black "Mckenna, Jason P"]
[Result "0-1"]
[WhiteElo "1869"]
[BlackElo "2175"]
[PlyCount "76"]
[EventDate "2015.07.27"]
[EventRounds "11"]
[EventCountry "ENG"]

1. d4 g6 2. c4 Bg7 3. g3 Nf6 4. Bg2 O-O 5. Nc3 d6 6. Nf3 c6 7. O-O a6 8. e4 b5
9. cxb5 axb5 10. Qc2 b4 11. Ne2 Qb6 12. b3 Nbd7 13. h3 Ba6 14. Rd1 Rac8 15. Bb2
Nh5 16. g4 Bxe2 17. Qxe2 Nf4 18. Qe3 Nxg2 19. Kxg2 Qb5 20. Qd2 Nf6 21. Qe3 Rc7
22. Rd2 Ra8 23. a4 bxa3 24. Rxa3 Rxa3 25. Bxa3 Ra7 26. Bc1 Ra1 27. Rc2 Qa6 28.
Nd2 h5 29. f3 hxg4 30. hxg4 Nd7 31. b4 Qa4 32. Qd3 Qxb4 33. Rxc6 Bxd4 34. Rc8+
Kg7 35. Nb3 Ra2+ 36. Kh3 Be5 37. f4 Qe1 38. Qf3 Rf2 0-1

[Event "2015 British Chess Championships: Championship"]
[Site "University of Warwick, Coventry, Warwickshire"]
[Date "2015.07.31"]
[Round "5"]
[Board "34"]
[White "Grieve, Harry"]
[Black "Wager, John D"]
[Result "1-0"]
[WhiteElo "1899"]
[BlackElo "2117"]
[PlyCount "49"]
[EventDate "2015.07.27"]
[EventRounds "11"]
[EventCountry "ENG"]

1. e4 Nc6 2. Nf3 d6 3. d4 Nf6 4. Nc3 Bg4 5. Bb5 a6 6. Bxc6+ bxc6 7. h3 Bh5 8.
Qe2 e6 9. g4 Bg6 10. h4 h5 11. g5 Nd7 12. d5 c5 13. dxe6 fxe6 14. Be3 Qb8 15.
O-O-O Nb6 16. Bxc5 dxc5 17. Ne5 Bf7 18. Qf3 Bg8 19. Ng6 Be7 20. Nxh8 g6 21.
Nxg6 Nc4 22. b3 Nd6 23. Nxe7 Kxe7 24. Qf6+ Ke8 25. Qg7 1-0

[Event "2015 British Chess Championships: Championship"]
[Site "University of Warwick, Coventry, Warwickshire"]
[Date "2015.07.31"]
[Round "5"]
[Board "35"]
[White "Page, Mark E"]
[Black "Shepherd, Katherine M"]
[Result "0-1"]
[WhiteElo "2096"]
[BlackElo "1864"]
[PlyCount "132"]
[EventDate "2015.07.27"]
[EventRounds "11"]
[EventCountry "ENG"]

1. e4 e6 2. d4 d5 3. exd5 exd5 4. Nf3 Bd6 5. h3 Ne7 6. c4 b6 7. Nc3 c6 8. cxd5
cxd5 9. Bd3 Nd7 10. O-O O-O 11. Bg5 f6 12. Bh4 Re8 13. Qb3 Bb7 14. Rfe1 a6 15.
Re2 Nf8 16. Rae1 b5 17. Ne4 Kh8 18. Nxf6 gxf6 19. Bxf6+ Kg8 20. Ne5 Qc8 21.
Bxh7+ Kxh7 22. Qg3 Neg6 23. Qg5 Bxe5 24. dxe5 d4 25. e6 Qc6 26. e7 Qxg2+ 27.
Qxg2 Bxg2 28. Bxd4 Bd5 29. exf8=N+ Rxf8 30. Rc2 Rf7 31. b3 Nh4 32. Rd1 Rg8+ 33.
Kf1 Bg2+ 34. Ke1 Nf3+ 35. Ke2 Rd8 36. Be3 Rxd1 37. Kxd1 Ne5 38. Rd2 Bxh3 39.
Rd6 Rd7 40. Rxd7+ Bxd7 41. Kd2 Kg6 42. Kc3 Nc6 43. Bc5 Kf5 44. a4 Ke4 45. axb5
axb5 46. b4 Kf3 47. Kd2 Be6 48. Ke1 Bc4 49. Kd2 Ne5 50. Kc3 Nd3 51. Be7 Kxf2
52. Bd6 Ke2 53. Kc2 Kf3 54. Bf8 Nf4 55. Bc5 Ke2 56. Bf8 Nd5 57. Bc5 Bd3+ 58.
Kc1 Bg6 59. Kb2 Kd3 60. Kb3 Bh5 61. Bf8 Bd1+ 62. Kb2 Kc4 63. Ka3 Kc3 64. Bc5
Bb3 65. Bf8 Nxb4 66. Bg7+ Kc2 0-1